|
|
|
|
| LEADER |
00000nam a2200000 i 4500 |
| 001 |
DIGAUHUM0048 |
| 003 |
NyNyDIG |
| 007 |
cr ||||||||||| |
| 008 |
250503s2023 ck ob 001 0 spa d |
| 006 |
m o d |
| 035 |
|
|
|a (OCoLC)1519503811
|
| 040 |
|
|
|a DGITA
|b eng
|e rda
|e pn
|c DGITA
|
| 020 |
|
|
|a 9786287700017
|q (versión digital)
|
| 020 |
|
|
|z 9786287700000
|q (versión impresa)
|
| 041 |
1 |
|
|a spa
|h rum
|
| 050 |
1 |
4 |
|a GB5014 ebook
|
| 100 |
1 |
|
|a Boia, Lucian,
|e author.
|
| 240 |
1 |
0 |
|a Scurtă istorie a dezastrelor natural.
|l Spanish
|s (Gómez M.)
|
| 245 |
1 |
0 |
|a Breve historia de los desastres naturales :
|b epidemias, terremotos y desajustes climáticos /
|c Lucian Boia ; Miguel Ángel Gómez Mendoza, traductor ; Abel Fernando Martínez Martín, presentación.
|
| 250 |
|
|
|a Primera edición.
|
| 264 |
|
1 |
|a Bogotá :
|b Editorial Aula de Humanidades,
|c 2023.
|
| 300 |
|
|
|a 1 online resource.
|
| 336 |
|
|
|a text
|b txt
|2 rdacontent
|
| 337 |
|
|
|a computer
|b c
|2 rdamedia
|
| 338 |
|
|
|a online resource
|b cr
|2 rdacarrier
|
| 347 |
|
|
|a text file
|2 rdaft
|
| 347 |
|
|
|b PDF
|
| 490 |
1 |
|
|a Colección general
|
| 504 |
|
|
|a Includes bibliographical references and indexes.
|
| 588 |
0 |
|
|a Online resource; title from PDF title page (Digitalia, viewed May 3, 2025)
|
| 650 |
|
0 |
|a Natural disasters
|x History.
|
| 700 |
1 |
|
|a Gómez M., Miguel Ángel
|q (Gómez Mendoza),
|e translator.
|
| 700 |
1 |
|
|a Martínez Martín, Abel Fernando,
|d 1954-
|e contributor agent of text.
|
| 700 |
1 |
|
|i Translation of:
|a Boia, Lucian.
|t Scurtă istorie a dezastrelor natural.
|
| 791 |
2 |
|
|a Digitalia (Firm),
|e distributor.
|
| 793 |
0 |
|
|g Digitalia eBook Collection:
|a Editorial Aula de Humanidades
|
| 776 |
0 |
8 |
|i Print version:
|a Boia, Lucian.
|t Breve historia de los desastres naturales.
|s Scurtă istorie a dezastrelor natural. Spanish (Gómez M.).
|b Primera edición.
|d Bogotá : Editorial Aula de Humanidades, [2023]
|z 9786287700000
|
| 830 |
|
0 |
|a Colección general (Editorial Aula de Humanidades)
|
| 856 |
4 |
0 |
|3 Digitalia Hispánica
|u https://www.digitaliapublishing.com/a/170636/
|
| 910 |
|
|
|a Premium collection: 2025
|